Informe final del Ejercicio Profesional Supervisado, realizado en la empresa Transportes Monja Blanca, S.A. Cobán, Alta Verapaz/ (Registro nro. 1802)

Detalles MARC
000 -LEADER
campo de control de longitud fija 03614nam a22003137i 4500
001 - NÚMERO DE CONTROL
campo de control TCPA 40
003 - IDENTIFICADOR DE NÚMERO DE CONTROL
campo de control gtcocun
005 - FECHA Y HORA DE LA ÚLTIMA TRANSACCIÓN
campo de control 20250911180055.0
006 - CÓDIGOS DE INFORMACIÓN DE LONGITUD FIJA--CARACTERÍSTICAS DEL MATERIAL ADICIONAL
campo de control de longitud fija a||||gr|||| 00| 0
008 - DATOS DE LONGITUD FIJA--INFORMACIÓN GENERAL
campo de control de longitud fija 250911b2016 gt ||||| m||| 00| 0 eng d
040 ## - FUENTE DE CATALOGACIÓN
Centro catalogador/agencia de origen gtcocun
Lengua de catalogación SPA
Centro/agencia transcriptor gtcocun
Normas de descripción RDA
041 ## - CÓDIGO DE IDIOMA
Código de lengua del texto/banda sonora o título independiente SPA
084 ## - OTRO NÚMERO DE CLASIFICACIÓN
Número de control del registro de autoridad o número normalizado TCPA 40
100 ## - ENTRADA PRINCIPAL--NOMBRE DE PERSONA
Nombre de persona Yalibat Tiul, Eunice Abigail
Término indicativo de función/relación Autor
245 ## - MENCIÓN DEL TÍTULO
Título Informe final del Ejercicio Profesional Supervisado, realizado en la empresa Transportes Monja Blanca, S.A. Cobán, Alta Verapaz/
Mención de responsabilidad, etc. Eunice Abigail Yalibat Tiul
Medio Impreso
264 ## - PRODUCCIÓN, PUBLICACIÓN, DISTRIBUCIÓN, FABRICACIÓN Y COPYRIGHT
Producción, publicación, distribución, fabricación y copyright Cobán, Alta Verapaz:
Nombre del de productor, editor, distribuidor, fabricante Universidad de San Carlos de Guatemala, Centro Universitario del Norte, Licenciatura en Contaduría Pública y Auditoría.
Fecha de producción, publicación, distribución, fabricación o copyright 2016
300 ## - DESCRIPCIÓN FÍSICA
Extensión 51 p.:
Otras características físicas Ilustraciones, gráficas.
Dimensiones 28 cm; PDF
336 ## - TIPO DE CONTENIDO
Fuente rdacontenido
Término de tipo de contenido Texto
Código de tipo de contenido txt
337 ## - TIPO DE MEDIO
Fuente rdamedio
Nombre/término del tipo de medio Computadora
Código del tipo de medio n
338 ## - TIPO DE SOPORTE
Fuente rdasoporte
Nombre/término del tipo de soporte Código en línea
Código del tipo de soporte cr
502 ## - NOTA DE TESIS
identificador de la tesis .
502 ## - NOTA DE TESIS
Nota de tesis Tesis de grado
Tipo de título Licenciatura en Contaduría Pública y Auditoría.
Nombre de la institución que otorga el título Universidad de San Carlos de Guatemala, Centro Universitario del Norte, Licenciatura en Contaduría Pública y Auditoría.
Año de obtención del título 2016
Identificador de la tesis TCPA 40
520 14 - RESUMEN, ETC.
Sumario, etc. La Universidad de San Carlos de Guatemala, a través del Centro<br/>Universitario del Norte y la carrera de Contaduría Pública y Auditoria, desarrolla<br/>el Ejercicio Profesional Supervisado que se llevó a cabo en la empresa<br/>Transportes Monja Blanca, S.A., según lo detectado en la fase de diagnóstico,<br/>carece de controles contables y deficiencia en los controles internos; los<br/>hallazgos una vez jerarquizados, se priorizaron para desarrollar las respectivas<br/>propuestas de solución.<br/><br/>La primera actividad fue la realización de una auditoria de propiedad, planta<br/>y equipo esto derivada de la falta de control en las adiciones y bajas de bienes<br/>de la entidad dentro del auxiliar de activos fijos, que provoca la publicación de<br/>cifras erróneas en los estados financieros y por otro lado se desaprovecha los<br/>beneficios que se obtendrían al depreciar los bienes.<br/><br/>La segunda intervención fue la actualización de cuentas por pagar, con el fin<br/>de contribuir con la empresa a tener datos reales en sus estados financieros, de<br/>cada uno de los adeudos a favor de sus proveedores. Toda vez que el saldo que<br/>reportan en la contabilidad no coincide con el que manejan los proveedores de<br/>bienes o entidades que prestan algún servicio a la organización.<br/><br/>La tercera intervención corresponde a la elaboración del presupuesto,<br/>actividad pertinente planteada para llevar el control en los ingresos y egresos<br/>que tienen los encargados de cada área y evitar que se hagan compras que no<br/>son necesarias ni oportunas.<br/>Además que el control presupuestario generará datos históricos de la<br/>empresa para comparar los resultados en un análisis de serie de tiempos.<br/><br/>Con estas actividades se contribuyó al fortalecimiento del control interno de<br/>las operaciones contables, tributarias y financieras, por lo cual se recomienda a<br/>la empresa, que mantenga sus registros contables actualizados para evitar<br/>información limitada de la situación financiera, ajustes y auditorias por parte de<br/>la Superintendencia de Administración Tributaria (SAT).
650 14 - PUNTO DE ACCESO ADICIONAL DE MATERIA--TÉRMINO DE MATERIA
Fuente del encabezamiento o término LEMB
Término de materia o nombre geográfico como elemento de entrada Cobán, Alta Verapaz
Subdivisión general propiedad
-- planta y equipo
-- proveedorees
-- cuentas por pagar
-- presupuesto
-- documentos por pagar
700 ## - ENTRADA AGREGADA--NOMBRE PERSONAL
Nombre de persona Lic. Miguel Alberto Klug Caal
Término indicativo de función/relación Asesor
856 ## - LOCALIZACIÓN Y ACCESO ELECTRÓNICOS
Identificador Uniforme de Recurso <a href="https://drive.google.com/file/d/1g_iVrWpo55VWvZM0FHnzRSX0_t9wbmB9/view?usp=sharing">https://drive.google.com/file/d/1g_iVrWpo55VWvZM0FHnzRSX0_t9wbmB9/view?usp=sharing</a>
Texto de enlace PDF
Nota pública Un ejemplar en línea.
942 ## - ELEMENTOS DE ENTRADA SECUNDARIOS (KOHA)
Fuente de la clasificación o esquema de estantería Clasificación Decimal Dewey
Tipo de ítem Koha TESIS
Parte de la signatura que identifica el ejemplar (Parte del ítem) TCPA_40
Prefijo de la signatura Clasificación
Suprimir en OPAC No
-- TCPA__40
Existencias
Estatus retirado Estado de pérdida Fuente de la clasificación o esquema de estantería Estado de daño No para préstamo Colección Biblioteca de origen Biblioteca actual Ubicación en estantería Fecha de adquisición Número de inventario Total de préstamos Signatura topográfica completa Código de barras Visto por última vez Precio de reemplazo Tipo de ítem Koha
    Clasificación Decimal Dewey     tesis BIBLIOTECA- CUNOR -JOSÉ LUIS GONZALES ROSALES BIBLIOTECA- CUNOR -JOSÉ LUIS GONZALES ROSALES Colección tesis 11/09/2025 TCPA 040   TCPA 040 TCPA 040 11/09/2025 11/09/2025 TESIS